000 00869nam a2200265 a 4500
001 BRCA_4753
005 20190320204806.0
008 071010s1945----mx-a######---#000-0#spa-#
041 _aspa
044 _amx
050 4 _aND259.O4
_b.C47 2 1945
100 1 _aCervantes, Enrique A.
_d1935-
_912024
245 1 0 _aPintura de Juan O´Gorman en la biblioteca ´Gertrudis Bocanegra´ de Pátzcuaro, Michoacán
_cEnrique A. Cervantes.
260 _aMéxico
_bE. A. Cervantes
_c1945
300 _a39 p.
_bil.
_c29 cm.
500 _aEjemplar igual a C177
500 _aD94
600 1 4 _aO´Gorman, Juan
_d1905-
_91331
610 2 4 _aBiblioteca Gertrudis Bocanegra (Pátzcuaro, Michoacán)
_910713
650 1 4 _aPintores mexicanos
_94220
650 1 4 _aPintura
_zMichoacán
_912025
651 4 _aPátzcuaro, Michoacán
_xDescripción
_912026
902 _aGFM
942 _2lcc
_cB
999 _c4451
_d4451